Travelog Mr. Traveller "untold stories" : 50 kisah realiti-motivasi-inspirasi-kembara diri

Bibliographic Details
Main Author: Meor Farid Asyradi
Format: Book
Published: Perak : MyTravelog , 2017
Subjects:

MARC

LEADER 00000cam a2200000 7i4500
001 0000082893
005 20190306.0
008 190306
020 |a 9789671412428 
041 0 |a Malay 
090 0 0 |a 910.4   |b MEO 
100 0 |a Meor Farid Asyradi 
245 0 0 |a Travelog Mr. Traveller "untold stories" :   |b 50 kisah realiti-motivasi-inspirasi-kembara diri   |c Meor Farid Asyradi 
260 |a Perak :   |b MyTravelog ,   |c 2017 
300 |a 377 p. :   |b col.ill. ;   |c 19.8cm. 
541 0 0 |c Purchased on 2018   |f 5491 JI   |h RM22.50 
650 0 |a Travel writing   |x Anecdotes 
650 0 |a Traveler's writing 
999 |a 0001554081   |b Book   |c Adult Collection   |e Cawangan Mersing 
999 |a 0001554082   |b Book   |c Adult Collection   |e Cawangan Batu Pahat 
999 |a 0001554083   |b Book   |c Adult Collection   |e Cawangan Kota Tinggi 
999 |a 0001554084   |b Book   |c Adult Collection   |e Cawangan Taman Sri Lambak 
999 |a 0001554085   |b Book   |c Adult Collection   |e Cawangan Sri Merlong 
999 |a 0001554086   |b Book   |c Adult Collection   |e Cawangan Pontian 
999 |a 0001554087   |b Book   |c Adult Collection   |e Cawangan Tangkak 
999 |a 0001554088   |b Book   |c Acts   |e Cawangan Bandar Tenggara 
999 |a 0001554089   |b Book   |c Adult Collection   |e Cawangan Muar 
999 |a 0001554090   |b Book   |c Adult Collection   |e Cawangan Bukit Gambir 
999 |a 0001554091   |b Book   |c Adult Collection   |e Cawangan Bandar Penawar 
999 |a 0001554092   |b Book   |c Adult Collection   |e Cawangan Segamat 
999 |a 0001554093   |b Book   |c Adult Collection   |e Cawangan Tmn. Ungku Tun Aminah 
999 |a 0001555109   |b Book   |c Adult Collection   |e Cawangan Urban Transformation Centre 
999 |a 0001555110   |b Book   |c Adult Collection   |e Cawangan AEON Kulaijaya